Demokratie und das Fremde : Multiculturelle Gesellschaften als demokratische Herausforderung des 21. Jahrhunderts
Saved in:
| Other Authors: | |
|---|---|
| Format: | Book |
| Language: | German |
| Published: |
Innsbruck :
Studien,
2001
|
| Series: | Demokratie im 21. Jahrhundert ;
; 1 |
| Subjects: | |
| Tags: |
Add Tag
No Tags, Be the first to tag this record!
|
MARC
| LEADER | 00000nam a2200000 i 4500 | ||
|---|---|---|---|
| 001 | 1/30972 | ||
| 008 | 030123s2001 ger d | ||
| 020 | |a 3-7065-1431-1 | ||
| 035 | |l 10069076 | ||
| 040 | |a GR-MY-UA |b gre |e aacr | ||
| 041 | 0 | |a ger | |
| 082 | 0 | |a 321.8 | |
| 245 | 1 | 0 | |a Demokratie und das Fremde : |b Multiculturelle Gesellschaften als demokratische Herausforderung des 21. Jahrhunderts / |c Erna Appelt (Hrsg.) |
| 260 | |a Innsbruck : |b Studien, |c 2001 | ||
| 300 | |a 196 p. | ||
| 490 | 1 | |a Demokratie im 21. Jahrhundert |v ; 1 | |
| 650 | 0 | 0 | |a Democracy. |
| 650 | 0 | 0 | |a Multiculturalism. |
| 700 | 1 | |a Appelt, Erna. |4 edt | |
| 830 | 0 | |a Demokratie im 21. Jahrhundert ; |v ; 1 | |
| 852 | |a INST |b RHODES |e 20030123 |h 321.8 DEM |p 005400015867 |q 005400015867 |t BK |y 0 | ||
| 901 | |a BIBL4-2003-1 | ||
| 909 | |a Ρ |b 103028 | ||
| 922 | |a 4ΕΛΗ |b 200211 |c ΕΠΕΑΕΚ2/ΤΕΠΑΕΣ |d ΠΑΠΑΣΩΤΗΡΙΟΥ & ΕΛΕΥΘΕΡΟΥΔΑΚΗΣ | ||
| 950 | |a 096-2002-10-08 | ||
| 970 | |a ΚΟΥΛΑΚΙΟΤΗ |b ΛΙΤΣΑ |z 2003/01/23 | ||